| 000 | 00607nam a22001937a 4500 | ||
|---|---|---|---|
| 008 | 140527b xxu||||| |||| 00| 0 eng d | ||
| 020 | _a0870030574 | ||
| 041 | 0 | _aeng | |
| 080 | _a355 | ||
| 100 | _aHaass, Richard. | ||
| 245 | 1 | 0 |
_aIntervention : _cRichard N. Haass. |
| 260 |
_aWashington, DC : _bCarnegie Endowment for International Peace, _c1994. |
||
| 300 |
_a258 f.: _c24 cm. |
||
| 500 | _aPreface: f. IX-X | ||
| 505 | _aIndex f. 253-258 | ||
| 650 | 0 | _aPolitika botërore | |
| 650 | 0 |
_aSHBA _xMarrëdhëniet ushtarake |
|
| 942 |
_2udc _cBK |
||
| 999 |
_c474 _d474 |
||